Top Scorer in Each Premier League Season - Everton - Statistics

General Stats
  • This quiz has been taken 76 times
  • The average score is 21 of 33
Answer Stats
Hint Answer Goals Nationality % Correct
2018/19 Richarlison / Gylfi Sigurdsson 13 Brazil / Iceland
100%
2023/24 Dominic Calvert-Lewin / Abdoulaye Doucouré 7 England / Mali
97%
2021/22 Richarlison 10 Brazil
97%
2016/17 Romelu Lukaku 25 Belgium
97%
2015/16 Romelu Lukaku 18 Belgium
97%
2014/15 Romelu Lukaku 10 Belgium
97%
2013/14 Romelu Lukaku 15 Belgium
97%
2020/21 Dominic Calvert-Lewin 16 England
96%
2019/20 Dominic Calvert-Lewin 13 England
96%
2008/09 Tim Cahill / Marouane Fellaini 8 Australia / Belgium
90%
2010/11 Tim Cahill 9 Australia
88%
2004/05 Tim Cahill 11 Australia
88%
2024/25 Iliman Ndiaye 9 Senegal
66%
2017/18 Wayne Rooney 10 England
66%
2003/04 Wayne Rooney 9 England
66%
2012/13 Marouane Fellaini 11 Belgium
63%
1997/98 Duncan Ferguson 11 Scotland
60%
1996/97 Duncan Ferguson 10 Scotland
60%
2001/02 Duncan Ferguson / Tomasz Radzinski 6 Scotland / Canada
60%
2022/23 Dwight McNeil 7 England
56%
2011/12 Nikica Jelavic 9 Croatia
56%
2007/08 Yakubu 15 Nigeria
51%
2009/10 Louis Saha 13 France
43%
1995/96 Andrei Kanchelskis 15 Russia
38%
2002/03 Tomasz Radzinski 11 Canada
38%
2000/01 Kevin Campbell 9 England
29%
1999/00 Kevin Campbell 12 England
29%
1998/99 Kevin Campbell 9 England
29%
2006/07 Andrew Johnson 11 England
26%
1994/95 Paul Rideout 14 England
26%
2005/06 James Beattie 10 England
25%
1993/94 Tony Cottee 16 England
22%
1992/93 Tony Cottee 12 England
22%
No matching quizzes found
Score Distribution
Percent of People with Each Score
Percentile by Number Answered
Your Score History
You have not taken this quiz